000
00310nam a22001217a 4500
040
_c
BTJ
082
_a
630
100
_a
SAM MAYANY; សំ ម៉ាយ៉ានី
245
_a
Agriculture Coparee; កសិកម្មប្រៀបធៀប
260
_a
RUA
_b
SAM
_c
1995
300
_a
108p.
942
_c
KB
999
_c
10307
_d
10307